Intensity of occurrence of three common leaf diseases on mature rubber trees in Nigeria (Record no. 46668)

MARC details
000 -LEADER
fixed length control field 00656nam a2200241Ia 4500
100 ## - MAIN ENTRY--AUTHOR NAME
Personal name Nicholas O O
245 #0 - TITLE STATEMENT
Title Intensity of occurrence of three common leaf diseases on mature rubber trees in Nigeria
260 ## - PUBLICATION, DISTRIBUTION, ETC. (IMPRINT)
Name of publisher Natural Rubber Research
Year of publication 2010
300 ## - PHYSICAL DESCRIPTION
Number of Pages 105-108
500 ## - GENERAL NOTE
General note Source Year: 2010
650 ## - SUBJECT ADDED ENTRY--TOPICAL TERM
Topical Term Clones
650 ## - SUBJECT ADDED ENTRY--TOPICAL TERM
Topical Term Clones
650 ## - SUBJECT ADDED ENTRY--TOPICAL TERM
Topical Term Disease severity
650 ## - SUBJECT ADDED ENTRY--TOPICAL TERM
Topical Term Disease severity
650 ## - SUBJECT ADDED ENTRY--TOPICAL TERM
Topical Term Foliar disease
650 ## - SUBJECT ADDED ENTRY--TOPICAL TERM
Topical Term Foliar disease
650 ## - SUBJECT ADDED ENTRY--TOPICAL TERM
Topical Term Hevea brasiliensis
650 ## - SUBJECT ADDED ENTRY--TOPICAL TERM
Topical Term Hevea brasiliensis
650 ## - SUBJECT ADDED ENTRY--TOPICAL TERM
Topical Term Nigeria
650 ## - SUBJECT ADDED ENTRY--TOPICAL TERM
Topical Term Nigeria
942 ## - ADDED ENTRY ELEMENTS (KOHA)
Koha item type Articles
Holdings
Withdrawn status Lost status Damaged status Not for loan Home library Current library Shelving location Date acquired Serial Enumeration / chronology Koha item type
      Articles RRII Library RRII Library Pathology 29/11/2011 Volume 23, Issue 1&2 Articles